00238nam a2200085Ia 4500008004100000100002700041245002800068260003600096650002000132190216s9999||||xx |||||||||||||| ||und|| aKunhi Kuttan Thamburan 0aGadhyamanjary 2nd Part bCalicut University Publications aEssay Malayalam